000 00346nam a2200145Ia 4500
008 191201s2009 xx 000 0 und d
082 _a005.133
_bECT
100 _aEckel, Bruce
245 0 _aThinking in C++ : Practical Programming
250 _aimp
260 _aN.Delhi
_bPHI
_c2009
300 _a824
650 _aB.Tech(IT)
942 _2ddc
_cBK
999 _c3850
_d3850